Cartas

Uloženo v:
Podrobná bibliografie
Hlavní autor: Vega Carpio, Lope Félix de
Médium: Kniha
Jazyk:Undetermined
Vydáno: Madrid, España Castalia 1985
Témata:
Tagy: Přidat tag
Žádné tagy, Buďte první, kdo vytvoří štítek k tomuto záznamu!

MARC

LEADER 00000nam a2200000Ia 4500
008 170316s9999 xx 000 0 und d
999 |c 10513  |d 10513 
040 |a cru BVZT 
090 |a 862 V-15c 
100 |a Vega Carpio, Lope Félix de 
245 |a Cartas 
260 |a Madrid, España  |b Castalia  |c 1985 
300 |a 306 páginas 
650 |a LITERATURA ESPAÑOLA  |9 23 
942 |c 15 D  |h 862 V-15c  |2 z